000 00295nam a22001337a 4500
008 170612b xxu||||| |||| 00| 0 eng d
020 _a9780521606585
041 _aeng
080 _a327
100 _a19
101 _aSHP
245 _aDEMOCRACY FROM ABOVE
_cPEVEHOUSE.J.C
942 _2udc
_cBK
999 _c17027
_d17027